Unscramble the 4th of July Words - Statistics

General Stats
  • This quiz has been taken 51 times
  • The average score is 12 of 15
Answer Stats
Letters Answer % Correct
irefkwor Firework
100%
uleb Blue
98%
dre Red
98%
ASU USA
98%
hietw White
98%
brabeueq Barbeque
90%
lasgf Flags
88%
ymlfai Family
86%
miarcea America
76%
klesparr Sparkler
76%
rveab Brave
70%
ybtreli Liberty
64%
erfemod Freedom
54%
lioppecs Popsicle
42%
iocpartit Patriotic
40%
No matching quizzes found
Score Distribution
Percent of People with Each Score
Percentile by Number Answered
Your Score History
You have not taken this quiz